Pohjois-Amerikan pääkaupungit - Statistics

Yleistilastot
  • Tätä visaa on pelattu 2 828 kertaa
  • Keskiarvotulos 13 / 23
Vastaustilastot
Valtio Pääkaupunki % Oikein
Yhdysvallat Washington D.C.
97%
Meksiko México
94%
Kanada Ottawa
93%
Kuuba Havanna
82%
Panama Panama
81%
Jamaika Kingston
75%
El Salvador San Salvador
71%
Guatemala Guatemala
66%
Haiti Port-au-Prince
59%
Bahama Nassau
57%
Costa Rica San José
57%
Dominikaaninen tasavalta Santo Domingo
52%
Saint Vincent ja Grenadiinit Kingstown
51%
Trinidad ja Tobago Port of Spain
50%
Antigua ja Barbuda St John's
47%
Nicaragua Managua
45%
Belize Belmopan
43%
Barbados Bridgetown
43%
Grenada St. George’s
42%
Honduras Tegucigalpa
39%
Dominica Roseau
37%
Saint Kitts ja Nevis Basseterre
32%
Saint Lucia Castries
31%
Ehtoja vastaavia visoja ei löytynyt
Tulosjakauma
Jokaisen tuloksen saaneiden osuus
Persentiili vastausten määrän mukaan
Tuloshistoriasi
Et ole pelannut tätä visaa